004670000a2200121000450024500170000030000410001750000140005852001130007277300450018594200080023095200900023899900170032810aSaber pelear aNúmero 32 (Mayo, 2008), Página 3 aEditorial aUn resumen del propósito y la tradición de "Debate Societies" y la evidencia de su ausencia en Colombia.0 tArcadia / Andrés Felipe Solano, Editor cANA 001040708HEMaFUSBCbFUSBCd2016-01-26l0o r2016-01-26 00:00:00w2016-01-26yANA c62501d62501